|
|
|
|
| LEADER |
01357nam a2200289 a 4500 |
| 001 |
14134676 |
| 008 |
100427s1999 bg 000 0 eng d |
| 010 |
|
|
|a \\2005386407
|
| 020 |
|
|
|a 9845511872
|
| 040 |
|
|
|a DLC
|c DLC
|d DLC
|d BD-DhAAL
|
| 082 |
0 |
0 |
|a 362.1/095492
|2 21
|
| 100 |
1 |
|
|a Tariq Azim, S. M.
|
| 245 |
1 |
0 |
|a Current record keeping systems in the context of delivery of essential services package :
|b a review /
|c S.M. Tariq Azim, M. Humayun Kabir, M. Mahbub-ul-Alam.
|
| 260 |
|
|
|a Dhaka :
|b ICDDR, B, Centre for Health and Population Research,
|c 1999.
|
| 300 |
|
|
|a vi, 36 p. ;
|c 25 cm.
|
| 490 |
0 |
|
|a ICDDR,B special publication ;
|v no. 97
|
| 500 |
|
|
|a "Operations Research Project, Health and Population Extension Division"--Cover.
|
| 541 |
1 |
|
|e 00007326
|
| 650 |
|
0 |
|a Public health
|z Bangladesh
|
| 650 |
|
0 |
|a Community health services
|z Bangladesh
|x Records and correspondence.
|
| 700 |
1 |
|
|a Kabir, Humayun.
|
| 700 |
1 |
|
|a Alam, Mahbub-ul-
|
| 710 |
2 |
|
|a Operations Research Project (International Centre for Diarrhoeal Disease Research, Bangladesh)
|
| 710 |
2 |
|
|a International Centre for Diarrhoeal Disease Research, Bangladesh.
|
| 852 |
4 |
|
|a Ayesha Abed Library
|j General Shelf
|
| 999 |
|
|
|c 8251
|d 8251
|
| 952 |
|
|
|0 0
|1 0
|2 ddc
|4 0
|6 362_109549200000000_TAR_1999
|7 0
|9 9460
|a BRACUL
|b BRACUL
|c GEN
|d 2010-04-27
|l 0
|o 362.1095492 TAR
|p 3010007326
|r 2010-04-27
|t 1
|w 2010-04-27
|y BK
|